Исследование электрохимического поведения ниобия и тантала на ртутном и амальгамных электродах: автореферат диссертации на соискание ученой степени кандидата химических наук; спец. 071; спец. 074

書誌詳細
第一著者: Рахматулин Я.
団体著者: Академия наук Казахской ССР (АН КазССР) Институт химических наук
その他の著者: Гладышев В. П. (научный руководитель), Козловский М. Т.
要約:Защита сост. в 1969 г.
言語:ロシア語
出版事項: Алма-Ата, [Б. и.], 1969
主題:
フォーマット: MixedMaterials 図書
KOHA link:https://koha.lib.tpu.ru/cgi-bin/koha/opac-detail.pl?biblionumber=340529

MARC

LEADER 00000nam0a2200000 4500
001 340529
005 20231102005241.0
035 |a (RuTPU)RU\TPU\book\367430 
090 |a 340529 
100 |a 20180402d1969 k y0rusy50 ca 
101 0 |a rus 
102 |a KZ 
105 |a a dm 001zy 
200 1 |a Исследование электрохимического поведения ниобия и тантала на ртутном и амальгамных электродах  |e автореферат диссертации на соискание ученой степени кандидата химических наук  |e спец. 071  |e спец. 074  |f Я. Рахматулин  |g Академия наук Казахской ССР (АН КазССР), Институт химических наук ; науч. рук. В. П. Гладышев, М. Т. Козловский 
210 |a Алма-Ата  |c [Б. и.]  |d 1969 
215 |a 19 с. 
300 |a Защита сост. в 1969 г. 
320 |a Библиогр.: с. 18-19 (11 назв.) 
606 1 |a Ниобий  |x Электрохимия  |2 stltpush  |3 (RuTPU)RU\TPU\subj\77242  |9 87718 
610 1 |a химия 
610 1 |a электролитическое восстановление 
610 1 |a тантал 
610 1 |a металлы 
610 1 |a поляризационные кривые 
610 1 |a электролиз 
610 1 |a ртутные электроды 
610 1 |a авторефераты диссертаций 
610 1 |a библиотека А. Г. Стромберга 
675 |a 544.88(04)  |v 4 
686 |a 071  |2 oksvnk 
686 |a 074  |2 oksvnk 
700 1 |a Рахматулин  |b Я. 
702 1 |a Гладышев  |b В. П.  |4 727 
702 1 |a Козловский  |b М. Т.  |4 727 
712 0 2 |a Академия наук Казахской ССР (АН КазССР)  |b Институт химических наук  |2 stltpush  |3 (RuTPU)RU\TPU\col\11297 
801 1 |a RU  |b 63413507  |c 20180402 
801 2 |a RU  |b 63413507  |c 20180423  |g RCR 
942 |c BK